<?xml version="1.0" encoding="UTF-8"?>
<record
    xmlns:xsi="http://www.w3.org/2001/XMLSchema-instance"
    xsi:schemaLocation="http://www.loc.gov/MARC21/slim http://www.loc.gov/standards/marcxml/schema/MARC21slim.xsd"
    xmlns="http://www.loc.gov/MARC21/slim">

  <leader>008080000a22001810004500</leader>
  <controlfield tag="003">LK-CoMWRAF</controlfield>
  <controlfield tag="005">20240118141335.0</controlfield>
  <controlfield tag="008">230817t           ||||| |||| 00| 0 eng d</controlfield>
  <datafield tag="040" ind1=" " ind2=" ">
    <subfield code="a">LK-CoMWRAF</subfield>
    <subfield code="d">LK-CoMWRAF</subfield>
    <subfield code="e">LK-CoMWRAF</subfield>
  </datafield>
  <datafield tag="041" ind1=" " ind2=" ">
    <subfield code="a">sin</subfield>
  </datafield>
  <datafield tag="082" ind1=" " ind2=" ">
    <subfield code="a">954.93</subfield>
    <subfield code="b">ANE</subfield>
  </datafield>
  <datafield tag="245" ind1=" " ind2=" ">
    <subfield code="a">&#xD85;&#xDB8;&#xDCA;&#xDB4;&#xDCF;&#xDBB; &#xDAF;&#xDD2;&#xDC3;&#xDCA;&#xDAD;&#xDCA;&#x200D;&#xDBB;&#xDD2;&#xD9A;&#xDCA;&#xD9A;&#xDBA;&#xDDA; &#xDB8;&#xDD4;&#xDC3;&#xDCA;&#xDBD;&#xDD2;&#xDB8;&#xDCA;&#xDC0;&#xDBB;&#xDD4;&#xDB1;&#xDCA;&#xD9C;&#xDDA; &#xD93;&#xDAD;&#xDD2;&#xDC4;&#xDCF;&#xDC3;&#xDD2;&#xD9A; &#xDB8;&#xDD9;&#xDC4;&#xDD9;&#xDC0;&#xDBB; &#xDC4;&#xDCF; &#xD8B;&#xDBB;&#xDD4;&#xDB8;&#xDBA; </subfield>
  </datafield>
  <datafield tag="246" ind1=" " ind2=" ">
    <subfield code="a">Ampara Disthrikkaye Muslimwarunge Aithihasika Mehewara ha Urumaya</subfield>
  </datafield>
  <datafield tag="260" ind1=" " ind2=" ">
    <subfield code="a">&#xD9A;&#xDDC;&#xDC5;&#xDB9; : </subfield>
    <subfield code="b">&#xDB8;&#xDD4;&#xDC3;&#xDCA;&#xDBD;&#xDD2;&#xDB8;&#xDCA; &#xD86;&#xD9C;&#xDB8;&#xDD2;&#xD9A; &#xDC4;&#xDCF; &#xDC3;&#xD82;&#xDC3;&#xDCA;&#xD9A;&#xDD8;&#xDAD;&#xDD2;&#xD9A; &#xDAF;&#xDD9;&#xDB4;&#xDCF;&#xDBB;&#xDCA;&#xDAD;&#xDB8;&#xDDA;&#xDB1;&#xDCA;&#xDAD;&#xDD4;&#xDC0;, </subfield>
    <subfield code="c">1997</subfield>
  </datafield>
  <datafield tag="300" ind1=" " ind2=" ">
    <subfield code="a">&#xDB4;&#xDD2;.130</subfield>
  </datafield>
  <datafield tag="700" ind1=" " ind2=" ">
    <subfield code="a">&#xD87;&#xDB1;&#xDD3;&#xDC3;&#xDCA;, &#xD91;&#xDB8;&#xDCA;. &#xD91;&#xDC3;&#xDCA;. &#xD91;&#xDB8;&#xDCA;.</subfield>
    <subfield code="e">ed.</subfield>
  </datafield>
  <datafield tag="942" ind1=" " ind2=" ">
    <subfield code="c">BK</subfield>
  </datafield>
  <datafield tag="952" ind1=" " ind2=" ">
    <subfield code="0">0</subfield>
    <subfield code="1">0</subfield>
    <subfield code="4">0</subfield>
    <subfield code="7">0</subfield>
    <subfield code="a">MAIN</subfield>
    <subfield code="b">MAIN</subfield>
    <subfield code="d">2023-08-17</subfield>
    <subfield code="l">0</subfield>
    <subfield code="o">954.93 ANE</subfield>
    <subfield code="p">RAF4278</subfield>
    <subfield code="r">2023-08-17</subfield>
    <subfield code="w">2023-08-17</subfield>
    <subfield code="y">BK</subfield>
  </datafield>
  <datafield tag="999" ind1=" " ind2=" ">
    <subfield code="c">1417</subfield>
    <subfield code="d">1417</subfield>
  </datafield>
</record>
